| 000 -LEADER |
| fixed length control field |
01174nam a22003255i 4500 |
| 001 - CONTROL NUMBER |
| control field |
21337619 |
| 005 - DATE AND TIME OF LATEST TRANSACTION |
| control field |
20221107114700.0 |
| 008 - FIXED-LENGTH DATA ELEMENTS--GENERAL INFORMATION |
| fixed length control field |
191216s2015 pau 000 0 eng |
| 010 ## - LIBRARY OF CONGRESS CONTROL NUMBER |
| LC control number |
2019957237 |
| 020 ## - INTERNATIONAL STANDARD BOOK NUMBER |
| International Standard Book Number |
9780323636391 X |
| Qualifying information |
(paperback) |
| 020 ## - INTERNATIONAL STANDARD BOOK NUMBER |
| Canceled/invalid ISBN |
9780323636414 X |
| Qualifying information |
(ebook) |
| 020 ## - INTERNATIONAL STANDARD BOOK NUMBER |
| Canceled/invalid ISBN |
9780702052385 X |
| 041 ## - LANGUAGE CODE |
| Language code of text/sound track or separate title |
eng |
| 042 ## - AUTHENTICATION CODE |
| Authentication code |
pcc |
| 080 ## - UNIVERSAL DECIMAL CLASSIFICATION NUMBER |
| Universal Decimal Classification number |
611(084) G-71 |
| 245 00 - TITLE STATEMENT |
| Title |
Gray's atlas of anatomy / |
| Statement of responsibility, etc. |
Richard L. Drake, A. Wayne Vogl, Adam W.M. Mitchell, Richard M. Tibbitts, Paul E. Richardson. |
| 250 ## - EDITION STATEMENT |
| Edition statement |
second edition |
| 263 ## - PROJECTED PUBLICATION DATE |
| Projected publication date |
2002 |
| 264 #1 - PRODUCTION, PUBLICATION, DISTRIBUTION, MANUFACTURE, AND COPYRIGHT NOTICE |
| Place of production, publication, distribution, manufacture |
Philadelphia : |
| Name of producer, publisher, distributor, manufacturer |
Elsevier, |
| Date of production, publication, distribution, manufacture, or copyright notice |
2015 |
| 300 ## - PHYSICAL DESCRIPTION |
| Extent |
626 pages ; |
| Other physical details |
28 cm. |
| 653 ## - INDEX TERM--UNCONTROLLED |
| keyword |
მედიცინა |
| 653 ## - INDEX TERM--UNCONTROLLED |
| keyword |
ადამიანის ანატომია |
| 700 1# - ADDED ENTRY--PERSONAL NAME |
| Personal name |
Drake, Richard L., |
| Relator term |
რედაქტორი |
| 9 (RLIN) |
8647 |
| 700 1# - ADDED ENTRY--PERSONAL NAME |
| Personal name |
Vogl, A. Wayne, |
| Relator term |
რედაქტორი |
| 9 (RLIN) |
8422 |
| 700 1# - ADDED ENTRY--PERSONAL NAME |
| Personal name |
Mitchell, Adam W.M., |
| Relator term |
რედაქტორი |
| 9 (RLIN) |
8648 |
| 700 1# - ADDED ENTRY--PERSONAL NAME |
| Personal name |
Tibbitts, Richard M., |
| Relator term |
მხატვარი |
| 9 (RLIN) |
8649 |
| 700 1# - ADDED ENTRY--PERSONAL NAME |
| Personal name |
Richardson, Paul E., |
| Relator term |
მხატვარი |
| 9 (RLIN) |
8650 |
| 700 1# - ADDED ENTRY--PERSONAL NAME |
| Personal name |
Horn, Ansell, |
| Relator term |
other. |
| 9 (RLIN) |
8651 |
| 942 ## - ADDED ENTRY ELEMENTS (KOHA) |
| Source of classification or shelving scheme |
|
| Koha item type |
წიგნი |